After pluralism : reimagining religious engagement /

Bibliographic Details
Other Authors: Bender, Courtney, Klassen, Pamela E. (Pamela Edith), 1967-
Format: Book
Language:English
Published: New York : Columbia University Press, [2010]
Series:Religion, culture, and public life.
Subjects:

MARC

Tag First Indicator Second Indicator Subfields
LEADER 00000cam a2200000 a 4500
001 in00002674721
005 20151202113005.0
008 100504s2010 nyu b 001 0 eng
010 |a  2010018854 
015 |a GBB072409  |2 bnb 
016 7 |a 015577674  |2 Uk 
020 |a 9780231152327 (cloth : alk. paper) 
020 |a 0231152329 (cloth : alk. paper) 
020 |a 9780231152334 (pbk. : alk. paper) 
020 |a 0231152337 (pbk. : alk. paper) 
020 |a 9780231527262 (e-book) 
020 |a 0231527268 (e-book) 
035 |a (OCoLC)ocn612962934 
035 |a (OCoLC)612962934 
040 |a DLC  |c DLC  |d YDX  |d UKM  |d YDXCP  |d UtOrBLW 
049 |a TXAM 
050 0 0 |a BL85  |b .A45 2010 
082 0 0 |a 201/.5  |2 22 
245 0 0 |a After pluralism :  |b reimagining religious engagement /  |c edited by Courtney Bender and Pamela E. Klassen. 
264 1 |a New York :  |b Columbia University Press,  |c [2010] 
264 4 |c ©2010 
300 |a viii, 341 pages ;  |c 24 cm. 
336 |a text  |b txt  |2 rdacontent 
337 |a unmediated  |b n  |2 rdamedia 
338 |a volume  |b nc  |2 rdacarrier 
490 1 |a Religion, culture, and public life 
504 |a Includes bibliographical references and index. 
650 0 |a Religious pluralism. 
650 0 |a Pluralism. 
650 0 |a Religions. 
700 1 |a Bender, Courtney. 
700 1 |a Klassen, Pamela E.  |q (Pamela Edith),  |d 1967- 
830 0 |a Religion, culture, and public life. 
938 |a YBP Library Services  |b YANK  |n 3473701 
945 |a PromptCat  |b 155031 
946 |a stk 
947 |a A14839782806 
994 |a 92  |b TXA 
948 |a Cataloged  |b h  |c 2010/12/8  |d c  |e ibarton 
999 |a MARS 
999 f f |s 3c6d03f7-d14b-375d-83e7-18b5cbdf2329  |i c0eba15c-18ce-3b5c-a2a6-500135b47279  |t 0 
952 f f |p normal  |a Texas A&M University  |b College Station  |c Sterling C. Evans Library  |d Evans: Library Stacks  |t 0  |e BL85 .A45 2010  |h Library of Congress classification  |i unmediated -- volume  |m A14839782806 
998 f f |a BL85 .A45 2010  |t 0  |l Evans: Library Stacks